Critical Success Factors for Public Procurement of Innovative Solutions in Central Europe: Empirical Study

Zhodnotenie kritických faktorov úspechu pri využívaní konceptu verejného obstarávania pre inovácie (PPI). Článok obsahuje systematický aj empirický výskum ako doplnok k projektom PPI2Innovate a RI2integrate v rámci programov Europe a Interreg Danube. Tieto projekty analyzovali používanie konceptu PP...

Description complète

Enregistré dans:
Détails bibliographiques
Auteur principal: Januška, Martin
Autres auteurs: Palacká, Alena
Format: Chapitre de livre
Langue:anglais
Sujets:
Tags: Ajouter un tag
Pas de tags, Soyez le premier à ajouter un tag!

MARC

LEADER 00000naa a2200000 4500
001 0295198
005 20230629122722.9
041 0 |a eng 
044 |a CZ 
245 1 0 |a Critical Success Factors for Public Procurement of Innovative Solutions in Central Europe: Empirical Study  |c Martin Januška, Alena Palacká 
520 |a Zhodnotenie kritických faktorov úspechu pri využívaní konceptu verejného obstarávania pre inovácie (PPI). Článok obsahuje systematický aj empirický výskum ako doplnok k projektom PPI2Innovate a RI2integrate v rámci programov Europe a Interreg Danube. Tieto projekty analyzovali používanie konceptu PPI v EÚ. Autori oslovili tímy odborníkov zo šiestich krajín za účelom týchto dvoch projektov, aby vytvorili zoznam kritických faktorov úspechu s využitím metódy Delphi pri implementácii projektov pomocou metódy PPI. Na ďalšie hodnotenie bolo vybraných šestnásť najčastejšie sa opakujúcich kritických faktorov úspechu. Tieto kritické faktory sa potom hodnotili na Likertovej škále z hľadiska ich významnosti. Následne sa diskutuje o výsledkoch a stanovujú sa možné riešenia. 
610 2 0 |a obstarávanie verejné 
610 2 0 |a inovácia 
610 2 0 |a projekty 
610 2 0 |a implementácia 
610 2 0 |a analýza empirická 
610 2 0 |a metóda Delfy 
100 1 |a Januška, Martin 
700 1 |a Palacká, Alena